| 000 | 00567nam 22001813 4500 | ||
|---|---|---|---|
| 001 | 201437 | ||
| 090 | _a201437 | ||
| 100 | _a20260320d u||y0pory50 ba | ||
| 200 |
_aSyntaxe historica portuguesa _fAugusto Epiphanio da Silva Dias |
||
| 205 | _a5ª | ||
| 210 |
_aLisboa _cLivraria Clássica Editora _d1970 |
||
| 215 |
_a442 p. _cbrochado _d21 cm |
||
| 606 |
_911269 _aQuestões gerais em linguística e literatura. Filologia |
||
| 675 |
_a80 _vPT _zpor |
||
| 700 |
_916935 _aDias _bAugusto Epiphanio da Siva |
||
| 801 |
_aPT _bBMMN _gRPC |
||
| 830 |
_cFernando _fFernando |
||
| 990 | _cLIVROS | ||